Faster smarter microsoft office frontpage 2003 / (Record no. 156282)

MARC details
000 -LEADER
fixed length control field 00511nam a22001577a 4500
010 ## - LCCN (DPL NO)
LC control number B-106776
020 ## - INTERNATIONAL STANDARD BOOK NUMBER
Terms of availability 225.00
082 ## - DEWEY DECIMAL CLASSIFICATION NUMBER
Classification number 006.754
100 ## - MAIN ENTRY--PERSONAL NAME
Personal name Stanek, William R.
245 ## - TITLE STATEMENT
Title Faster smarter microsoft office frontpage 2003 /
Statement of responsibility, etc by William R. Stanek, Greg Holden
260 ## - PUBLICATION, DISTRIBUTION, ETC. (IMPRINT)
Place of publication, distribution, etc New Delhi
Name of publisher, distributor, etc Prentice-Hall of india
Date of publication, distribution, etc 2004
270 ## - ADDRESS
City New Delhi
Address M-97, connaught circus
Postal code 110001
300 ## - PHYSICAL DESCRIPTION
Extent xix, 346p.
Other physical details 25cm(Hb).
700 ## - ADDED ENTRY--PERSONAL NAME
Personal name Holden, Greg
942 ## - ADDED ENTRY ELEMENTS (KOHA)
Source of classification or shelving scheme Dewey Decimal Classification
Item type English Books
Classification part 006.754
Call number suffix STA
Holdings
Withdrawn status Lost status Not for loan Collection code Home library Current library Date acquired Source of acquisition Cost, normal purchase price Full call number Barcode Cost, replacement price Koha item type
      Non-fiction Shahdara Branch Shahdara Branch 24/08/2018 BPPD/PUB 225.00 006.754 STA B-106776 225.00 English Books

© Delhi Public Library
Hit Counter
free hit counter